| 000 | 01690cam a2200337 i 4500 | ||
|---|---|---|---|
| 001 | 768714001 | ||
| 003 | CO-MdFUSB | ||
| 005 | 20210218172919.0 | ||
| 007 | ta | ||
| 008 | 771219t19661963miu 000 0 eng d | ||
| 020 | _a094387274x | ||
| 040 |
_aDUQ _cCO-MdFUSB _dAU@ _dCO-MdFUSB _dLLU _bspa _erda |
||
| 041 | _aeng | ||
| 082 |
_223 _a492.29 _bJ658 |
||
| 100 | 1 |
_aJohns, Alger F. _eautor |
|
| 245 | 1 | 2 |
_aA short grammar of Biblical Aramaic. _c/ Alger F Johns |
| 264 | 1 |
_aBerrien Springs, Mich. : _bAndrews University Press, _c[1966] |
|
| 264 | 4 | _c© 1966 | |
| 300 |
_axii, 108 páginas. ; _c25 cm. |
||
| 336 |
_2rdacontent _atexto _btxt |
||
| 337 |
_2rdamedia _asin mediación _bn |
||
| 338 |
_2rdacarrier _avolumen _bnc |
||
| 505 | _aIntroducción al arameo bíblico. -- Fonología del arameo bíblico. -- Sustantivos y adjetivos. -- Pronombres y sufijos personales independientes sobre sustantivos. -- Otros pronombres. -- El sistema verbal: el perfecto. -- El sistema verbal: el imperfecto, el infinitivo, etc.. -- Clases de sustantivos. -- Las conjugaciones activas derivadas - Las conjugaciones pasivas y reflexivas. -- Verbos laríngeos - Verbos. -- pe nun, pe yodh y pe aleph. -- Verbos huecos. -- Verbos geminados - Verbos Lamedh he. -- Otros verbos doblemente débiles e irregulares. -- Sufijos verbales: con el perfecto. -- Sufijos verbales: con lo imperfecto, el infinitivo, etc. - Tipos de sustantivos - Clases de sustantivos similares. -- Los números. -- Paradigmas. | ||
| 563 | _aRústico | ||
| 650 | 0 |
_916 _aBiblia _vArameo |
|
| 653 | _aLengua aramea - Gramática. | ||
| 942 | _cBK | ||
| 945 | _aJTF-925 | ||
| 999 |
_c66220 _d66220 |
||